Govt. of
Madhya Pradesh

Indian Art and Architecture (Record no. 68454)

MARC details
000 -LEADER
fixed length control field 00267nam a22001097a 4500
082 ## - DEWEY DECIMAL CLASSIFICATION NUMBER
Classification number 720/YAD
100 ## - MAIN ENTRY--AUTHOR NAME
Personal name Yadav,Sumit
245 ## - TITLE STATEMENT
Title Indian Art and Architecture
260 ## - PUBLICATION, DISTRIBUTION, ETC. (IMPRINT)
Place of publication Delhi
Name of publisher Aradhana Pub.
Year of publication 2020
650 ## - SUBJECT ADDED ENTRY--TOPICAL TERM
Topical Term Art and Architecture
942 ## - ADDED ENTRY ELEMENTS (KOHA)
Koha item type Books
Holdings
Withdrawn status Lost status Damaged status Not for loan Home library Current library Date acquired Cost, normal purchase price Full call number Accession Number Price effective from Koha item type
        MACL MACL 26/11/2025 995.00 720/YAD CRE040317 26/11/2025 Books